00781nam a22002417a 4500003000400000005001700004008004100021020001500062020001500077040001800092050002300110100004100133245010200174260003300276300004100309336002200350337002400372338002400396500006800420650001500488650001500503700002100518OSt20260601193858.0260421b2006 ag |||| |||| 00| 0 spa d a9871283350 a8493543217 aICIbspacICI aQH 303bW5518.2006 aWilson, Edward Osborned1929-eautor aLa creación :bsalvemos la vida en la tierra /cEdward O. Wilson ; traducido por Elena Marengo. aBuenos Aires :bKatz,c2006. a252 paginas bilustraciones c18 cm. 2rdacontentatexto 2rdamediaasin medio 2rdacarrieravolumen aTraducción de: The creation. an appeal to save life on Earth. aBiología aCreación aMarengo, Elena C